000 00724nam a2200253Ia 4500
003 OSt
005 20220926002544.0
006 a|||||r|||| 00| 0
007 ta
008 220923b |||||||| |||| 00| 0 eng d
037 _cGeneral Book
040 _aRTL
_cRTL
_beng
041 _2eng
_aeng
082 _aY74477, K9
100 _aBarkataki S Co.
_9306031
245 0 _aTribes of Assam
260 _a New Delhi
_bNational Book Trust India
_c1969
300 _a167p
_ccm.
490 _aIndia-The Land and People. Ed by B V Keshar and MS Thacher
500 _aBibliography: P 160-63
650 _aIndian Society
942 _hY74477, K9
_cGB
_2CC
999 _c605398
_d605398